LEADER 01437nam a2200289 i 4500 001 000000133180 003 CaOOAMICUS 005 20041228000000.0 008 041228s1993 it u000 u ita u 013 $a106198 020 $a88-204-8064-6 040 $aSeMil$bita 100 1 $aOliva, Gianni,$d<1952- >.$0(OLS)http://semarc/name/54684 245 14$aUna comunità dalla grande guerra all'industrializzazione :$bil caso di Orbassano, 1915-1990 /$cGianni Oliva. 260 $aMilano :$bFranco Angeli,$ccopyr. 1993. 300 $a193 p. :$briccamente ill. ;$c22 cm. 490 0 $aIstituto storico della Resistenza in Piemonte. Studi e documenti ;$v.[6] 500 $aIn occhietto : Dedica autografa dell'Autore a S.E. il Card. C.M. Martini. - Fondo Card. C.M. Martini. 650 4$aOrbassano - Storia - 1915-1990.$0(OLS)http://semarc/subject/26164 830 0$aIstituto storico della Resistenza in Piemonte. Studi e documenti ;$v.[6].$0(OLS)http://semarc/title/16936 850 $aSeMil 852 $aSeMil$W1$xVenegono$y1$m3P III 27$j87045$B87045$CSeMilBibl$Z2$F90822 $81 941 1 $a4 961 $aLascito: Martini Card. Carlo Maria 996 $6020$a88-204-8064-6$9(OLS)http://semarc/number/120301 996 $6245$aUna comunità dalla grande guerra all'industrializzazione :$bil caso di Orbassano, 1915-1990$9(OLS)http://semarc/title/195308 996 $6260$aMilano :$bFranco Angeli$9(OLS)http://semarc/publisher/30369 LEADER 01024nam a2200205 i 4500 001 000000184038 003 CaOOAMICUS 005 20091228000000.0 008 091228s1924 it u000 u ita u 013 $a162013 040 $aSeMil$bita 100 1 $aTaurisano, Innocenzo.$0(OLS)http://semarc/name/10563 245 10$aDiscepoli e biografi di S. Tommaso :$bnote storiche-critiche. 6. Centenario della Canonizzazione di S. Tommaso d'Aquino /$cP. Innocenzo Taurisano O. P. 260 $aRoma :$bSocietà Tipografica A. Manuzio,$c1924. 300 $a72 p. :$bill. ;$c26 cm. 600 04$aTommaso : d'Aquino .$0(OLS)http://semarc/subject/115 850 $aSeMil 852 $aSeMil$W1$xVenegono$y1$m3E IV 6$j134734$B134734$CSeMilBibl$Z2$F146335 $81 996 $6245$aDiscepoli e biografi di S. Tommaso :$bnote storiche-critiche. 6. Centenario della Canonizzazione di S. Tommaso d'Aquino$9(OLS)http://semarc/title/264130 996 $6260$aRoma :$bSocietà Tipografica A. Manuzio$9(OLS)http://semarc/publisher/40883